The Kampung Boy

Bibliographic Details
Main Author: Lat
Format: Book
Published: KL : Berita Publishing Sdn Bhd , 1994
Subjects:

MARC

LEADER 00000cam a2200000 7i4500
001 0000046909
005 20040812.0
008 040812s1994
020 |a 9679694100 
090 0 0 |a 741.5 LAT 
100 0 |a Lat 
245 0 4 |a The Kampung Boy   |c Lat 
260 |a KL :   |b Berita Publishing Sdn Bhd ,   |c 1994 
300 |b ill ;   |c 21cm. 
650 0 0 |a Cartunist-Lat 
999 |a 72941   |b Buku   |c Rak Terbuka   |e Perbadanan Perpustakaan Awam Melaka